| 000 | 00973nas a2200301 4500 | ||
|---|---|---|---|
| 001 | BR2017001551 | ||
| 003 | BR-BrBNA | ||
| 005 | 20231205130950.0 | ||
| 007 | ta | ||
| 008 | 230509b bl.|||p| |||| 00| 00por d | ||
| 040 |
_aBR-BrBNA _bpor _cBiblioteca Nacional de Agricultura |
||
| 041 | _a(Pt) | ||
| 072 | _aF30; H10; H20 | ||
| 100 | 1 | _aYokomizo, G.K. | |
| 100 | 1 | _aDias, J. do S.A. | |
| 100 | 1 | _aDias, C.T. dos S. | |
| 100 | 1 | _aHongy, K. | |
| 245 | 1 | _aAnálise AMMI em caracteres vegetativos de genótipos de bananeiras no Amapá | |
| 650 | _aBANANA | ||
| 650 | _aVARIEDADE RESISTENTE | ||
| 650 | _aGENÓTIPO | ||
| 650 | _aDOENÇA DE PLANTA | ||
| 650 | _aPRAGA DE PLANTA | ||
| 773 | 0 |
_tRevista de Ciências Agrárias (Brazil) _xISSN 2177-8760 _g(Jan-Mar 2016), v. 59(1) p. 1-8 _wBR2017001551 |
|
| 856 | 4 | 0 | _uhttps://periodicos.ufra.edu.br/index.php?journal=ajaes page=issue op=archive |
| 909 |
_a202311 _bLúcia _c55 _dLúcia Elande |
||
| 942 |
_2AGRIS _n0 _cANA |
||
| 999 |
_c252323 _d252323 |
||